000 00378 a2200169 4500
001 50584
020 _a8532256481
040 _cAnchieta - Bela Vista
100 _aStrausz, Rosa Amanda
240 1 0 _aO livro do pode-não-pode
_lpor
245 1 0 _aO livro do pode-não-pode
300 _a28
362 0 _a2005
440 1 _aFTD
650 4 _aLiteratura juvenil
942 _cBK
999 _c50584
_d50584